Sociálne siete ako nástroj budovania značky diplomová práca

Salvato in:
Dettagli Bibliografici
Autore principale: Magyar, Dávid
Ente Autore: Obchodná fakulta EU. Katedra marketingu
Altri autori: Jankovič, Michal, 1993-
Natura: Libro
Lingua:slovacco
Pubblicazione: Bratislava 2024
Tags: Aggiungi Tag
Nessun Tag, puoi essere il primo ad aggiungerne!!

MARC

LEADER 00000nbm a2200000 4500
001 0302118
005 20241206152202.4
041 0 |a slo 
044 |a SK 
245 1 0 |a Sociálne siete ako nástroj budovania značky  |b diplomová práca  |c Dávid Magyar ; školiteľ: Michal Jankovič 
264 1 |a Bratislava  |c 2024 
300 |a 55 s. 
100 1 |a Magyar, Dávid 
700 1 |a Jankovič, Michal, 1993- 
710 2 |a Obchodná fakulta EU. Katedra marketingu